[Event "24th Klatovy A 2016"]
[Site "Klatovy CZE"]
[Date "2016.07.06"]
[Round "5.33"]
[White "Sysel, Jaroslav"]
[Black "Cekan, Petr1"]
[Result "1-0"]
[WhiteElo "1879"]
[BlackElo "1993"]
[PlyCount "59"]
[EventDate "2016.07.02"]
[EventType "swiss"]
[EventRounds "9"]
[EventCountry "CZE"]

1. e4 c5 2. c4 Nc6 3. Nc3 d6 4. g3 e5 5. Nge2 Be7 6. Bg2 Bg5 7. O-O h5 8. f4 Bh6 9. Nd5 h4 10. Nec3 h3 11. Bf3 Nge7 12. f5 Nxd5 13. Nxd5 Nb4 14. Nxb4 cxb4 15. Qa4+ Bd7 16. Qxb4 Qc7 17. Kh1 Rc8 18. d3 Bxc1 19. Raxc1 Ke7 20. d4 a5 21. Qa3 Kf6 22. Rfd1 g6 23. dxe5+ dxe5 24. Rd6+ Kg7 25. Rcd1 Rhd8 26. f6+ Kh6 27. Qd3 Qc5 28. Rxd7 Rxd7 29. Qxd7 Qxc4 30. Qxh3+ 1-0

[Event "24th Klatovy A 2016"]
[Site "Klatovy CZE"]
[Date "2016.07.06"]
[Round "5.34"]
[White "Lhotsky, Zdenek"]
[Black "Skopec, Lubos"]
[Result "0-1"]
[WhiteElo "1853"]
[BlackElo "1985"]
[PlyCount "74"]
[EventDate "2016.07.02"]
[EventType "swiss"]
[EventRounds "9"]
[EventCountry "CZE"]

1. e4 c5 2. Nf3 d6 3. d4 cxd4 4. Nxd4 Nf6 5. Nc3 g6 6. Be3 Bg7 7. f3 O-O 8. Bc4 Nc6 9. Qd2 Bd7 10. O-O-O Rc8 11. Bb3 Ne5 12. Kb1 Nc4 13. Bxc4 Rxc4 14. g4 Qc8 15. Nd5 Nxd5 16. exd5 e5 17. dxe6 fxe6 18. Rdf1 e5 19. Nb3 Be6 20. Bxa7 d5 21. h4 Rcf4 22. Qe2 d4 23. Bc5 R8f7 24. Qb5 Bd7 25. Qd3 Qc6 26. Rfg1 Rxf3 27. Qd2 Be6 28. Ba3 Rf2 29. Qd1 Bd5 30. Rh3 Bf3 31. Qc1 Be4 32. Nc5 Bxc2+ 33. Ka1 e4 34. h5 e3 35. hxg6 Bxg6 36. Rgh1 e2 37. Qc4 Qxh1+ 0-1

[Event "24th Klatovy A 2016"]
[Site "Klatovy CZE"]
[Date "2016.07.06"]
[Round "5.35"]
[White "Hlavac, Rudolf"]
[Black "Dungl, Petr"]
[Result "0-1"]
[WhiteElo "1983"]
[BlackElo "1902"]
[PlyCount "66"]
[EventDate "2016.07.02"]
[EventType "swiss"]
[EventRounds "9"]
[EventCountry "CZE"]

1. e4 c5 2. Nf3 e6 3. c3 Nf6 4. e5 Nd5 5. Bc4 Nb6 6. Bb3 c4 7. Bc2 Nc6 8. O-O g5 9. Qe2 Bg7 10. h3 h5 11. g4 hxg4 12. hxg4 d6 13. d4 cxd3 14. Bxd3 Nxe5 15. Nxg5 Qf6 16. Be4 d5 17. Bg2 Bh6 18. f4 Bxg5 19. fxg5 Qg7 20. Na3 Bd7 21. Rf6 Ng6 22. Nb5 Bxb5 23. Qxb5+ Nd7 24. Be3 O-O-O 25. Bxa7 Nge5 26. Rf4 Nc6 27. Re1 Nxa7 28. Qa4 Nc6 29. Qb5 Qf8 30. b4 Qd6 31. Qf1 Nce5 32. Rd1 Qb6+ 33. Rfd4 Nc6 0-1

[Event "24th Klatovy A 2016"]
[Site "Klatovy CZE"]
[Date "2016.07.06"]
[Round "5.36"]
[White "Ruzicka, Ondrej"]
[Black "Holy, Filip"]
[Result "1/2-1/2"]
[WhiteElo "1863"]
[BlackElo "1977"]
[PlyCount "31"]
[EventDate "2016.07.02"]
[EventType "swiss"]
[EventRounds "9"]
[EventCountry "CZE"]

1. e4 c6 2. c4 d5 3. cxd5 cxd5 4. exd5 Nf6 5. Nc3 Nxd5 6. Nf3 g6 7. d4 Bg7 8. Bc4 Nb6 9. Bb3 O-O 10. O-O Nc6 11. Be3 Na5 12. Ne5 Nxb3 13. axb3 Be6 14. Ra3 Nd5 15. Nxd5 Qxd5 16. Qd2 1/2-1/2

[Event "24th Klatovy A 2016"]
[Site "Klatovy CZE"]
[Date "2016.07.06"]
[Round "5.37"]
[White "Drahorad, Daniel"]
[Black "Kunc, Jan"]
[Result "1-0"]
[WhiteElo "1970"]
[BlackElo "1798"]
[PlyCount "29"]
[EventDate "2016.07.02"]
[EventType "swiss"]
[EventRounds "9"]
[EventCountry "CZE"]

1. e4 e5 2. Nf3 Nc6 3. Bc4 Bc5 4. b4 Bxb4 5. c3 Ba5 6. d4 exd4 7. Nxd4 Nge7 8. Bg5 O-O 9. Nf5 d6 10. Nxg7 Kxg7 11. Qh5 Qd7 12. Bh6+ Kg8 13. Qg5+ Ng6 14. Qf6 Bxc3+ 15. Nxc3 1-0

[Event "24th Klatovy A 2016"]
[Site "Klatovy CZE"]
[Date "2016.07.06"]
[Round "5.38"]
[White "Dobias, Daniel"]
[Black "Richter, Martin1"]
[Result "1-0"]
[WhiteElo "1827"]
[BlackElo "1966"]
[PlyCount "80"]
[EventDate "2016.07.02"]
[EventType "swiss"]
[EventRounds "9"]
[EventCountry "CZE"]

1. e4 e6 2. d4 d5 3. exd5 exd5 4. Bd3 Nc6 5. c3 Bd6 6. Nf3 Bg4 7. O-O Qd7 8. b4 Nge7 9. Bg5 f6 10. Bh4 g5 11. Bg3 Bxg3 12. fxg3 h5 13. Qc2 O-O-O 14. a4 h4 15. gxh4 gxh4 16. a5 Rdg8 17. b5 Nb8 18. b6 a6 19. bxc7 Qxc7 20. Nbd2 Nbc6 21. Nb3 Qf4 22. Qe2 Nf5 23. Qe6+ Kc7 24. Bxf5 Qxf5 25. Qf7+ Qd7 26. Qxd7+ Bxd7 27. Rae1 Bf5 28. Nfd2 Rg5 29. Rf2 Rhg8 30. Nf1 Be4 31. Ne3 f5 32. Nc5 Kc8 33. Ne6 R5g6 34. Nf4 Rd6 35. Ra1 Kc7 36. Nh3 Rdg6 37. Raa2 Rf6 38. Rf4 Kd6 39. Rxh4 Ne7 40. Rb2 Ke6 1-0

[Event "24th Klatovy A 2016"]
[Site "Klatovy CZE"]
[Date "2016.07.06"]
[Round "5.39"]
[White "Novotny, Jaroslav2"]
[Black "Kostelecky, Daniel"]
[Result "1/2-1/2"]
[WhiteElo "1953"]
[BlackElo "1862"]
[PlyCount "49"]
[EventDate "2016.07.02"]
[EventType "swiss"]
[EventRounds "9"]
[EventCountry "CZE"]

1. e4 c5 2. Nf3 d6 3. d4 cxd4 4. Nxd4 Nf6 5. Nc3 a6 6. Be2 e5 7. Nb3 Be7 8. O-O O-O 9. Bg5 h6 10. Bh4 Be6 11. Qd3 Nc6 12. a3 Rc8 13. Rad1 Na5 14. Bxf6 Bxf6 15. Nxa5 Qxa5 16. Qxd6 Rfd8 17. Qb4 Qxb4 18. axb4 Rxd1 19. Rxd1 Be7 20. b5 axb5 21. Bxb5 Bb4 22. Rd3 Rc5 23. Rd8+ Kh7 24. Bd3 Bxc3 25. bxc3 1/2-1/2

[Event "24th Klatovy A 2016"]
[Site "Klatovy CZE"]
[Date "2016.07.06"]
[Round "5.40"]
[White "Mackova, Veronika"]
[Black "Lintner, Felix 1979"]
[Result "0-1"]
[WhiteElo "1902"]
[BlackElo "1826"]
[PlyCount "92"]
[EventDate "2016.07.02"]
[EventType "swiss"]
[EventRounds "9"]
[EventCountry "CZE"]

1. e4 c5 2. Nf3 Nc6 3. d4 cxd4 4. Nxd4 Qb6 5. Nb3 Nf6 6. Nc3 e6 7. Be3 Qc7 8. Be2 Be7 9. Qd2 a6 10. O-O b5 11. f3 O-O 12. Nd4 Bb7 13. Nd1 d5 14. exd5 Nxd5 15. Nxc6 Bxc6 16. Bg5 Bd6 17. h3 Bc5+ 18. Kh1 h6 19. Be3 Nxe3 20. Nxe3 Qf4 21. Nc4 Qg3 22. b4 Rfd8 23. Qe1 Qxe1 24. Raxe1 Bxb4 25. Rb1 Bc3 26. Ne3 Bd4 27. Ng4 Bd5 28. a3 Bc5 29. Ra1 Bd4 30. Rab1 Rdc8 31. Bd3 Rc3 32. Rbd1 Bc5 33. Nf2 Bxa3 34. Ne4 Rc7 35. Ra1 Bb2 36. Rab1 Bd4 37. Rbd1 e5 38. f4 Bc4 39. fxe5 Bxd3 40. Rxd3 Bxe5 41. Rd5 f6 42. Nc5 b4 43. g4 a5 44. Rb1 Rac8 45. Ne6 Rc6 46. Nd4 Bxd4 0-1

[Event "24th Klatovy A 2016"]
[Site "Klatovy CZE"]
[Date "2016.07.06"]
[Round "5.41"]
[White "Spicka, Jan"]
[Black "Kotal, Vaclav"]
[Result "1/2-1/2"]
[WhiteElo "1833"]
[BlackElo "1886"]
[PlyCount "43"]
[EventDate "2016.07.02"]
[EventType "swiss"]
[EventRounds "9"]
[EventCountry "CZE"]

1. e4 e6 2. d4 d5 3. Nd2 Nf6 4. e5 Nfd7 5. Bd3 c5 6. c3 Nc6 7. Ne2 a5 8. O-O a4 9. Nf3 a3 10. b3 cxd4 11. cxd4 Nb4 12. Nf4 Nxd3 13. Nxd3 b6 14. Bg5 Be7 15. Bxe7 Qxe7 16. Qd2 Ba6 17. Rfc1 O-O 18. Rc2 Rac8 19. Rac1 Rxc2 20. Rxc2 Nb8 21. h3 Bb5 22. Nb4 1/2-1/2

[Event "24th Klatovy A 2016"]
[Site "Klatovy CZE"]
[Date "2016.07.06"]
[Round "5.42"]
[White "Gumustas, Ilgaz"]
[Black "Kantor, Jozef"]
[Result "1-0"]
[WhiteElo "1797"]
[BlackElo "1880"]
[PlyCount "99"]
[EventDate "2016.07.02"]
[EventType "swiss"]
[EventRounds "9"]
[EventCountry "CZE"]

1. e4 g6 2. d4 Nf6 3. Nc3 d6 4. h3 Bg7 5. Nf3 O-O 6. Be2 c6 7. a4 Qc7 8. O-O e5 9. Be3 Re8 10. dxe5 dxe5 11. a5 Nbd7 12. Qd3 Nf8 13. Rfd1 Nh5 14. Qd6 Qe7 15. a6 Nf4 16. Bf1 N8e6 17. Qxe7 Rxe7 18. axb7 Rxb7 19. b3 a5 20. Ra2 Rd7 21. Rda1 Nd4 22. Rxa5 Nxf3+ 23. gxf3 Rb8 24. Ra8 Rdb7 25. Rxb8 Rxb8 26. Kh2 h5 27. Ra7 Be6 28. Rc7 Rc8 29. Rxc8+ Bxc8 30. h4 Bf6 31. Kg3 Be7 32. Bc4 g5 33. hxg5 Bxg5 34. Ne2 h4+ 35. Kh2 Kg7 36. Bxf4 Bxf4+ 37. Nxf4 exf4 38. Bf1 Kf6 39. Bh3 Ba6 40. Bd7 Be2 41. Bxc6 Ke5 42. Kh3 Bxf3 43. Kxh4 Bd1 44. b4 Bxc2 45. b5 Kd6 46. Kg5 Ke5 47. b6 Kd6 48. Bd5 Ba4 49. b7 Kc7 50. Kxf4 1-0

[Event "24th Klatovy A 2016"]
[Site "Klatovy CZE"]
[Date "2016.07.06"]
[Round "5.43"]
[White "Hlozek, David"]
[Black "Lacina, Filip"]
[Result "0-1"]
[WhiteElo "1677"]
[BlackElo "1981"]
[PlyCount "106"]
[EventDate "2016.07.02"]
[EventType "swiss"]
[EventRounds "9"]
[EventCountry "CZE"]

1. e4 d6 2. d4 Nf6 3. Nc3 g6 4. f4 Bg7 5. Nf3 O-O 6. Be3 c5 7. dxc5 Qa5 8. Bd3 Nc6 9. O-O Ng4 10. Qe1 Nxe3 11. Qxe3 Qxc5 12. Qxc5 dxc5 13. a3 a6 14. Rab1 b5 15. e5 Rb8 16. Be4 Bb7 17. Rfd1 Rfd8 18. Nd5 Kf8 19. Nc7 Rdc8 20. Bxc6 Bxc6 21. Nxa6 Bxf3 22. Nxb8 Bxd1 23. Nd7+ Ke8 24. Rxd1 Rd8 25. Rd5 Rxd7 26. Rxc5 Rb7 27. Rd5 e6 28. Rc5 Kd7 29. Kf2 Bf8 30. Rc3 Be7 31. Ke3 h5 32. Ke4 Rb6 33. h3 Rc6 34. Rb3 Rc4+ 35. Kf3 Kc6 36. g4 hxg4+ 37. hxg4 Rxc2 38. f5 exf5 39. gxf5 gxf5 40. Kf4 Rf2+ 41. Kg3 Rf1 42. Rc3+ Kd5 43. Rc7 Ke6 44. Rb7 Rb1 45. Rxb5 Bxa3 46. b3 Re1 47. Rb7 Rxe5 48. b4 Re3+ 49. Kf2 Rb3 50. b5 Bc5+ 51. Ke2 f4 52. Rb8 f3+ 53. Kf1 Rb1# 0-1

[Event "24th Klatovy A 2016"]
[Site "Klatovy CZE"]
[Date "2016.07.06"]
[Round "5.44"]
[White "Vevera, Radek"]
[Black "Brock, Ditmar"]
[Result "1/2-1/2"]
[WhiteElo "2000"]
[BlackElo "1931"]
[PlyCount "65"]
[EventDate "2016.07.02"]
[EventType "swiss"]
[EventRounds "9"]
[EventCountry "CZE"]

1. e4 c5 2. Nf3 d6 3. d4 cxd4 4. Nxd4 Nf6 5. Nc3 a6 6. h3 h5 7. Bg5 e6 8. g3 Be7 9. Bg2 Qc7 10. O-O Bd7 11. a4 Nc6 12. Re1 Rd8 13. Nb3 Ne5 14. a5 Nc4 15. Bc1 O-O 16. Qe2 Rfe8 17. Kh2 g6 18. Rd1 Kg7 19. Rd4 Rc8 20. Bf1 d5 21. exd5 exd5 22. Nxd5 Nxd5 23. Rxc4 Qxc4 24. Qxc4 Rxc4 25. Bxc4 Nb4 26. c3 Nc2 27. Ra2 Bc6 28. Nd4 Nxd4 29. cxd4 Bf3 30. Bd2 Rd8 31. b3 Bf6 32. Be3 Bxd4 33. Rd2 1/2-1/2

[Event "24th Klatovy A 2016"]
[Site "Klatovy CZE"]
[Date "2016.07.06"]
[Round "5.46"]
[White "Novak, Jaromir"]
[Black "Svoboda, Jaroslav2"]
[Result "0-1"]
[WhiteElo "1904"]
[BlackElo "1711"]
[PlyCount "120"]
[EventDate "2016.07.02"]
[EventType "swiss"]
[EventRounds "9"]
[EventCountry "CZE"]

1. d4 e6 2. c4 Nf6 3. Nc3 Be7 4. e4 d6 5. Bd3 O-O 6. f4 Nfd7 7. Nf3 Nc6 8. Be3 a6 9. O-O Nb4 10. Bb1 c5 11. d5 exd5 12. exd5 Nb6 13. Nd2 a5 14. a3 Na6 15. Bd3 f5 16. Nf3 Bf6 17. Bd2 Bd7 18. Qc2 g6 19. Rae1 a4 20. Nd1 Nc8 21. Bc3 Nc7 22. Bxf6 Qxf6 23. Qc3 b5 24. Qxf6 Rxf6 25. Nc3 b4 26. Na2 Rb8 27. Rb1 Rf8 28. Rfe1 h6 29. Kf2 Kf7 30. Nd2 Ne7 31. Nc1 g5 32. Ne2 Ng6 33. g3 Rfe8 34. h3 Kf6 35. Kf3 Re7 36. Kf2 Rbe8 37. fxg5+ hxg5 38. Ng1 Ne5 39. Bf1 Na8 40. Ngf3 Nb6 41. Nxe5 dxe5 42. axb4 cxb4 43. d6 Rh7 44. c5 Nc8 45. Bg2 Na7 46. Ra1 Rc8 47. Rec1 e4 48. Ke3 Bb5 49. Kd4 Nc6+ 50. Kd5 b3 51. Nc4 Nb4+ 52. Kd4 Nc2+ 53. Kc3 Rxc5 54. Bf1 Nxa1 55. Rxa1 Ra7 56. Kb4 Rd5 57. Ne3 Bxf1 58. Nxd5+ Ke5 59. Rxf1 Kxd5 60. Rxf5+ Kxd6 0-1

[Event "24th Klatovy A 2016"]
[Site "Klatovy CZE"]
[Date "2016.07.07"]
[Round "6.1"]
[White "Hollan, Petr"]
[Black "Ratsma, Midas"]
[Result "1-0"]
[WhiteElo "2263"]
[BlackElo "2171"]
[PlyCount "149"]
[EventDate "2016.07.02"]
[EventType "swiss"]
[EventRounds "9"]
[EventCountry "CZE"]

1. d4 Nf6 2. c4 e6 3. Nc3 Bb4 4. Qc2 b6 5. a3 Bxc3+ 6. Qxc3 Bb7 7. Nf3 O-O 8. e3 d5 9. Bd3 Nbd7 10. cxd5 exd5 11. b4 Ne4 12. Qb3 c6 13. O-O a5 14. Bb2 Qe7 15. bxa5 Rxa5 16. Rac1 Rc8 17. Rfd1 Ba6 18. Rc2 Bxd3 19. Qxd3 Nd6 20. Nd2 b5 21. Qc3 Ra7 22. e4 Nxe4 23. Nxe4 Qxe4 24. Re1 Qg6 25. Re7 Qd6 26. Rce2 Rca8 27. Qh3 Nf8 28. R7e3 b4 29. axb4 Qxb4 30. g3 Ra2 31. Bc3 Qc4 32. Rxa2 Rxa2 33. Qc8 Qa6 34. Re8 Qxc8 35. Rxc8 Ra4 36. Rxc6 f6 37. Rd6 Kf7 38. Rxd5 Rc4 39. Bb2 Ke6 40. Rd8 Ke7 41. Rb8 Nd7 42. Ba3+ Ke6 43. Re8+ Kf5 44. Re7 Rxd4 45. Rxg7 h5 46. Kg2 Rd3 47. Bc1 Rd5 48. Rh7 Kg6 49. Re7 Ne5 50. h3 Rc5 51. Bf4 Nd3 52. Be3 Rc6 53. Re8 Ra6 54. Rg8+ Kf7 55. Rd8 Ne5 56. Rh8 Kg6 57. Rh6+ Kf5 58. Rxh5+ Ke4 59. Rh4+ Kf5 60. Rf4+ Kg6 61. Bd4 Nd3 62. Re4 Ra4 63. Kf3 f5 64. Re6+ Kf7 65. Rd6 Ke7 66. Rd5 Ke6 67. Rd8 Ke7 68. Bf6+ Kxf6 69. Rxd3 Kg5 70. Rd5 Kg6 71. g4 Ra3+ 72. Kg2 fxg4 73. hxg4 Rb3 74. f3 Ra3 75. Kg3 1-0

[Event "24th Klatovy A 2016"]
[Site "Klatovy CZE"]
[Date "2016.07.07"]
[Round "6.2"]
[White "Neuman, Petr"]
[Black "Formanek, Martin"]
[Result "1-0"]
[WhiteElo "2446"]
[BlackElo "2227"]
[PlyCount "73"]
[EventDate "2016.07.02"]
[EventType "swiss"]
[EventRounds "9"]
[EventCountry "CZE"]

1. c4 Nf6 2. Nc3 g6 3. e4 d6 4. d4 Bg7 5. f3 O-O 6. Be3 Nc6 7. Nge2 a6 8. Qd2 Rb8 9. a3 Bd7 10. b4 e5 11. d5 Ne7 12. g4 Ne8 13. h4 f5 14. g5 Rf7 15. O-O-O a5 16. Kb2 c6 17. Nc1 b6 18. Nb3 c5 19. bxa5 bxa5 20. Ka2 a4 21. Na1 Qa5 22. Be2 Nc7 23. Rb1 Rff8 24. Rxb8 Rxb8 25. Rb1 Rxb1 26. Nxb1 Qa7 27. Nc2 Na8 28. Ne1 Nc8 29. Nd3 Bf8 30. Nc3 f4 31. Bf2 Ncb6 32. Nb2 Be7 33. Qc2 Qa6 34. Bd1 Nxc4 35. Be2 Nab6 36. Nxc4 Nxc4 37. Qd3 1-0

[Event "24th Klatovy A 2016"]
[Site "Klatovy CZE"]
[Date "2016.07.07"]
[Round "6.3"]
[White "Toman, Ondrej"]
[Black "Jurek, Josef"]
[Result "1/2-1/2"]
[WhiteElo "2197"]
[BlackElo "2296"]
[PlyCount "30"]
[EventDate "2016.07.02"]
[EventType "swiss"]
[EventRounds "9"]
[EventCountry "CZE"]

1. e4 e6 2. d4 d5 3. e5 c5 4. c3 Nc6 5. Nf3 Bd7 6. a3 c4 7. g3 Qc7 8. Bg2 Na5 9. Nbd2 Ne7 10. O-O h6 11. h4 O-O-O 12. Rb1 Kb8 13. Re1 Nc8 14. h5 Nb6 15. Qe2 Be7 1/2-1/2

[Event "24th Klatovy A 2016"]
[Site "Klatovy CZE"]
[Date "2016.07.07"]
[Round "6.4"]
[White "Palek, Miroslav"]
[Black "Vyprachticky, David"]
[Result "1/2-1/2"]
[WhiteElo "2187"]
[BlackElo "2246"]
[PlyCount "86"]
[EventDate "2016.07.02"]
[EventType "swiss"]
[EventRounds "9"]
[EventCountry "CZE"]

1. e4 Nf6 2. e5 Nd5 3. d4 d6 4. Nf3 Bg4 5. exd6 exd6 6. Be2 Be7 7. O-O O-O 8. c4 Nb6 9. Nc3 Nc6 10. b3 Bf6 11. Be3 Re8 12. Rc1 d5 13. c5 Nc8 14. h3 Bxf3 15. Bxf3 N8e7 16. b4 Nf5 17. Bf4 Nfxd4 18. Bxd5 Nxb4 19. Bc4 Ne6 20. Be3 Qxd1 21. Rfxd1 Rad8 22. Ne4 Be7 23. Rb1 Nc6 24. Rdc1 Na5 25. Bxe6 fxe6 26. Rb5 b6 27. cxb6 cxb6 28. Rc7 Ra8 29. Bg5 Bf8 30. Bd2 Re7 31. Rxe7 Bxe7 32. Bxa5 bxa5 33. Rxa5 Bd8 34. Re5 Bb6 35. g3 Kf7 36. Rb5 Rd8 37. Kg2 h6 38. Rb4 Rd3 39. Kf1 Ra3 40. Nd6+ Ke7 41. Nc8+ Kf6 42. Nxb6 axb6 43. Rxb6 Ke5 1/2-1/2

[Event "24th Klatovy A 2016"]
[Site "Klatovy CZE"]
[Date "2016.07.07"]
[Round "6.5"]
[White "Chalupa, Ivan"]
[Black "Turner, Jan"]
[Result "1/2-1/2"]
[WhiteElo "2175"]
[BlackElo "2387"]
[PlyCount "26"]
[EventDate "2016.07.02"]
[EventType "swiss"]
[EventRounds "9"]
[EventCountry "CZE"]

1. e4 e6 2. d4 d5 3. Nd2 dxe4 4. Nxe4 Bd7 5. Nf3 Bc6 6. Bd3 Nd7 7. O-O Be7 8. b3 Ngf6 9. Ng3 O-O 10. Bb2 Bxf3 11. Qxf3 c6 12. c4 Qa5 13. a3 Rfe8 1/2-1/2

[Event "24th Klatovy A 2016"]
[Site "Klatovy CZE"]
[Date "2016.07.07"]
[Round "6.6"]
[White "Kovar, Vojtech"]
[Black "Taborsky, Rostislav"]
[Result "1-0"]
[WhiteElo "2358"]
[BlackElo "2180"]
[PlyCount "69"]
[EventDate "2016.07.02"]
[EventType "swiss"]
[EventRounds "9"]
[EventCountry "CZE"]

1. d4 f5 2. g3 Nf6 3. Bg2 e6 4. c4 c6 5. Nf3 d5 6. O-O Bd6 7. b3 Qe7 8. Ne5 O-O 9. Nd3 Nbd7 10. Nd2 b6 11. Nf3 Ba6 12. Bg5 Rac8 13. Rc1 h6 14. Bf4 Ba3 15. Rc2 g5 16. Bc1 Bd6 17. Nfe5 Bxe5 18. dxe5 Ne4 19. f3 Nec5 20. Ba3 Rfd8 21. Qc1 dxc4 22. bxc4 Bb7 23. Qe3 Ba6 24. f4 g4 25. Rb1 h5 26. Rb3 Kf7 27. Bxc5 Nxc5 28. Nxc5 Rd1+ 29. Kf2 bxc5 30. Ra3 Bb7 31. Rxa7 Rc7 32. Rb2 h4 33. gxh4 Qxh4+ 34. Qg3 Qd8 35. Rbxb7 1-0

[Event "24th Klatovy A 2016"]
[Site "Klatovy CZE"]
[Date "2016.07.07"]
[Round "6.7"]
[White "Routner, Jakub"]
[Black "Hausner, Ivan"]
[Result "0-1"]
[WhiteElo "2130"]
[BlackElo "2345"]
[PlyCount "157"]
[EventDate "2016.07.02"]
[EventType "swiss"]
[EventRounds "9"]
[EventCountry "CZE"]

1. e4 d6 2. g3 e5 3. Bg2 Nc6 4. d3 g6 5. Be3 Bg7 6. Qd2 Be6 7. Nc3 Qd7 8. f4 Nf6 9. Nf3 exf4 10. Bxf4 Bh3 11. O-O-O Bxg2 12. Qxg2 O-O 13. Qd2 Rfe8 14. Rdf1 Rab8 15. Bh6 Bh8 16. Ng5 Nd8 17. h3 c6 18. Rf3 Re7 19. Rhf1 Ne8 20. Qf4 f6 21. d4 Ne6 22. Nxe6 Qxe6 23. g4 Rd8 24. g5 Rf7 25. gxf6 Rxf6 26. Qh4 Rd7 27. e5 Rxf3 28. Rxf3 Rf7 29. Rxf7 Qxf7 30. exd6 Nxd6 31. Qd8+ Ne8 32. Ne2 Qe6 33. Kd2 Bf6 34. Qb8 Qd7 35. Be3 a6 36. c3 Kf7 37. Bf4 Be7 38. Ng1 Qf5 39. Nf3 Nf6 40. Qe5 Qxe5 41. Bxe5 Ke6 42. Ke3 Nd5+ 43. Ke4 b5 44. Bg3 Nf6+ 45. Kd3 Nd7 46. Ke4 Nf6+ 47. Kd3 c5 48. b3 Nd5 49. dxc5 Bxc5 50. Nd4+ Kd7 51. Nc2 Bd6 52. Bxd6 Kxd6 53. Kd4 Nf4 54. h4 Ne2+ 55. Kd3 Nc1+ 56. Kd4 Nxa2 57. c4 Nc1 58. cxb5 axb5 59. b4 Ne2+ 60. Ke3 Nc3 61. Nd4 Nd5+ 62. Ke4 Nc7 63. h5 gxh5 64. Nf5+ Kc6 65. Nd4+ Kd6 66. Kf5 Kd5 67. Nc2 Kc4 68. Kg5 Ne6+ 69. Kxh5 Nf8 70. Kh6 Kc3 71. Ne3 Kxb4 72. Kg7 Kc5 73. Kxf8 b4 74. Kg7 b3 75. Nd1 h5 76. Kg6 h4 77. Kf5 h3 78. Ke4 h2 79. Nf2 0-1

[Event "24th Klatovy A 2016"]
[Site "Klatovy CZE"]
[Date "2016.07.07"]
[Round "6.8"]
[White "Zeman, Matyas"]
[Black "Novotny, Michal"]
[Result "1/2-1/2"]
[WhiteElo "2056"]
[BlackElo "2283"]
[PlyCount "107"]
[EventDate "2016.07.02"]
[EventType "swiss"]
[EventRounds "9"]
[EventCountry "CZE"]

1. e4 e6 2. d4 d5 3. exd5 exd5 4. Bd3 Nc6 5. Ne2 Qh4 6. c3 Bd6 7. Na3 a6 8. Be3 Nh6 9. Qd2 Ng4 10. O-O-O Nxf2 11. Bxf2 Qxf2 12. Qg5 Qf6 13. Qxf6 gxf6 14. Nc2 h5 15. Rdf1 Rh6 16. Ne3 Ne7 17. Rf2 Kf8 18. Rhf1 Kg7 19. h3 Be6 20. a3 Re8 21. Kd2 Bd7 22. Rf3 Bb5 23. Bc2 Bd7 24. R1f2 c6 25. Bd3 Be6 26. Bc2 Reh8 27. Ng3 Bxg3 28. Rxg3+ Kf8 29. Rgf3 Ng8 30. h4 Ke7 31. b4 Kd7 32. Bd3 b5 33. Kc2 Kc7 34. a4 bxa4 35. Kb2 Ne7 36. Rxf6 Rxf6 37. Rxf6 Ng8 38. Rf4 Nh6 39. Ka3 Re8 40. Rf6 Ng8 41. Rf3 Ne7 42. Kxa4 Kb6 43. Nf5 Nc8 44. Ng7 Rg8 45. Rg3 Bg4 46. Nxh5 Ne7 47. Re3 Bxh5 48. Rxe7 Rxg2 49. Bf5 Bd1+ 50. Ka3 Be2 51. Rxf7 Bc4 52. Bb1 Rh2 53. Rh7 Rh1 54. Bc2 1/2-1/2

[Event "24th Klatovy A 2016"]
[Site "Klatovy CZE"]
[Date "2016.07.07"]
[Round "6.9"]
[White "Kopta, Pavel"]
[Black "Horak, Martin"]
[Result "1-0"]
[WhiteElo "2235"]
[BlackElo "2107"]
[PlyCount "69"]
[EventDate "2016.07.02"]
[EventType "swiss"]
[EventRounds "9"]
[EventCountry "CZE"]

1. d4 Nf6 2. c4 e6 3. Nc3 Bb4 4. Qc2 c5 5. dxc5 Na6 6. a3 Bxc3+ 7. Qxc3 Nxc5 8. b4 Nce4 9. Qd4 d5 10. c5 b6 11. f3 bxc5 12. bxc5 Qa5+ 13. Qb4 Qc7 14. fxe4 Rb8 15. Qc3 Nxe4 16. Qc2 O-O 17. Nf3 Rb5 18. Be3 e5 19. g3 Bf5 20. Nh4 d4 21. Bd2 Rxc5 22. Qd3 Nxd2 23. Qxf5 e4 24. Qf4 Rc1+ 25. Rxc1 Qxc1+ 26. Kf2 Qxa3 27. Nf5 Nxf1 28. Rxf1 d3 29. Qxe4 dxe2 30. Re1 Qc5+ 31. Kg2 g6 32. Ne7+ Kg7 33. Rxe2 a5 34. Nd5 f6 35. Nf4 1-0

[Event "24th Klatovy A 2016"]
[Site "Klatovy CZE"]
[Date "2016.07.07"]
[Round "6.10"]
[White "Filipi, Stepan"]
[Black "Soural, Jan"]
[Result "1-0"]
[WhiteElo "2164"]
[BlackElo "2231"]
[PlyCount "49"]
[EventDate "2016.07.02"]
[EventType "swiss"]
[EventRounds "9"]
[EventCountry "CZE"]

1. e4 c5 2. Nf3 e6 3. d4 cxd4 4. Nxd4 Nc6 5. Nc3 Qc7 6. f4 a6 7. Nxc6 bxc6 8. Bd3 Nf6 9. e5 Nd5 10. Ne4 d6 11. Nxd6+ Bxd6 12. exd6 Qxd6 13. O-O Nb4 14. Be4 Qc5+ 15. Rf2 O-O 16. Qe2 f5 17. Bf3 Nd5 18. c4 Nf6 19. Be3 Qd6 20. Rd1 Qc7 21. Bc5 Re8 22. Rd6 Bd7 23. Qe5 Re7 24. Rfd2 Rae8 25. R6d3 1-0

[Event "24th Klatovy A 2016"]
[Site "Klatovy CZE"]
[Date "2016.07.07"]
[Round "6.11"]
[White "Hurdzan, Tomas"]
[Black "Stolc, Martin"]
[Result "1-0"]
[WhiteElo "2208"]
[BlackElo "2042"]
[PlyCount "69"]
[EventDate "2016.07.02"]
[EventType "swiss"]
[EventRounds "9"]
[EventCountry "CZE"]

1. e4 d6 2. d4 g6 3. Nc3 Bg7 4. Nf3 Nc6 5. Bc4 e5 6. dxe5 Nxe5 7. Bg5 Qd7 8. Nxe5 Bxe5 9. Qf3 f6 10. Bd2 Qg4 11. Qd3 Qxg2 12. O-O-O Qh3 13. Qd5 Qd7 14. f4 c6 15. Qd3 Bxc3 16. Bxc3 b5 17. Bxg8 Rxg8 18. Bxf6 Kf7 19. Qxd6 Qxd6 20. Rxd6 c5 21. Rhd1 Bg4 22. R1d5 Rgc8 23. Re5 Rc7 24. Bd8 Rcc8 25. Bg5 Rc7 26. Kd2 a6 27. Ke3 c4 28. f5 gxf5 29. exf5 h5 30. Kf4 b4 31. Ree6 Rc5 32. Rd7+ Kf8 33. Bh6+ Kg8 34. Rg6+ Kh8 35. Bg7+ 1-0

[Event "24th Klatovy A 2016"]
[Site "Klatovy CZE"]
[Date "2016.07.07"]
[Round "6.13"]
[White "Vedral, Oldrich"]
[Black "Pick, Stepan"]
[Result "1-0"]
[WhiteElo "2289"]
[BlackElo "2058"]
[PlyCount "131"]
[EventDate "2016.07.02"]
[EventType "swiss"]
[EventRounds "9"]
[EventCountry "CZE"]

1. d4 f5 2. g3 Nf6 3. Bg2 g6 4. Nd2 Bg7 5. c3 Nc6 6. Nh3 e5 7. dxe5 Nxe5 8. O-O O-O 9. Nb3 d6 10. Nd4 c6 11. Qb3+ d5 12. Bg5 Qb6 13. Qc2 Bd7 14. Nf4 Rae8 15. Bxf6 Bxf6 16. e3 Bc8 17. Nh3 Nc4 18. b3 Nd6 19. Rac1 Be6 20. Nxe6 Rxe6 21. c4 dxc4 22. bxc4 Qc5 23. Nf4 Re7 24. Nd3 Qa5 25. Nf4 Qc5 26. Nd3 Qa5 27. Nf4 Qc5 28. Rfd1 Nf7 29. Qa4 Ne5 30. Nd3 Nxd3 31. Rxd3 Kg7 32. Rcd1 Rfe8 33. Qb3 Rc8 34. h4 Be5 35. Qa3 Qxa3 36. Rxa3 Bb8 37. Rb3 Be5 38. Rbd3 Kf7 39. Bh3 Rcc7 40. h5 Kg7 41. f4 Bf6 42. Kf2 Rf7 43. hxg6 hxg6 44. Kf3 Be7 45. g4 fxg4+ 46. Bxg4 Bf8 47. Be6 Rfe7 48. Bh3 Re8 49. e4 b5 50. cxb5 cxb5 51. Rg1 Kf7 52. e5 b4 53. Bd7 Rb8 54. Ba4 Rb6 55. Bb3+ Ke8 56. e6 Rc3 57. Ke4 Rxb3 58. axb3 Rxe6+ 59. Kf3 a5 60. Ra1 Ra6 61. Rd5 Kf7 62. Raxa5 Rxa5 63. Rxa5 Kf6 64. Ke4 Be7 65. Ra6+ Kf7 66. Ke5 1-0

[Event "24th Klatovy A 2016"]
[Site "Klatovy CZE"]
[Date "2016.07.07"]
[Round "6.14"]
[White "Rosenbaum, Vit"]
[Black "Bartos, Jan"]
[Result "1/2-1/2"]
[WhiteElo "2087"]
[BlackElo "2180"]
[PlyCount "49"]
[EventDate "2016.07.02"]
[EventType "swiss"]
[EventRounds "9"]
[EventCountry "CZE"]

1. d4 Nf6 2. c4 e6 3. g3 Bb4+ 4. Bd2 a5 5. Bg2 d6 6. Nc3 O-O 7. a3 Bxc3 8. Bxc3 a4 9. e3 Nbd7 10. Ne2 e5 11. O-O exd4 12. Bxd4 Ne5 13. Bxe5 dxe5 14. Nc3 Qxd1 15. Rfxd1 c6 16. Ne4 Nxe4 17. Bxe4 Ra5 18. Rac1 Rc5 19. Bc2 Be6 20. Bxa4 Rxc4 21. Rxc4 Bxc4 22. Rd7 Rb8 23. f4 exf4 24. exf4 Be6 25. Rd2 1/2-1/2